Katalogizace ve formátu MARC 21 pokračující zdroje

Saved in:
Bibliographic Details
Main Author: Hercová, Ludmila
Other Authors: Svobodová, Jaroslava
Format: Book
Language:Czech
Published: Praha Národní knihovna České republiky 2006
Subjects:
Tags: Add Tag
No Tags, Be the first to tag this record!

MARC

LEADER 00000nam$a2200000$$$4500
001 0053860
005 20240313133108.4
020 |a 80-7050-496-X 
041 0 |a cze 
044 |a CZ 
245 1 0 |a Katalogizace ve formátu MARC 21  |b pokračující zdroje  |c Ludmila Hercová, Jaroslava Svobodová 
264 1 |a Praha  |b Národní knihovna České republiky  |c 2006 
300 |a 149 s. 
610 2 0 |a knihy 
610 2 0 |a katalógy knižničné 
610 2 0 |a knihovníctvo 
610 2 0 |a štandardy 
610 2 0 |a metodika 
610 2 0 |a MARC 21 
100 1 |a Hercová, Ludmila 
700 1 |a Svobodová, Jaroslava